Agroforestry in 21st century / (Record no. 2077)

MARC details
000 -LEADER
fixed length control field 01151nam a22002777a 4500
001 - CONTROL NUMBER
control field BD-DhSAU 2077
003 - CONTROL NUMBER IDENTIFIER
control field BD-DhSAU
005 - DATE AND TIME OF LATEST TRANSACTION
control field 20150126114134.0
008 - FIXED-LENGTH DATA ELEMENTS--GENERAL INFORMATION
fixed length control field 150126b2005 i a|||| ||| 001 0 eng d
020 ## - INTERNATIONAL STANDARD BOOK NUMBER
International Standard Book Number 8183210155
040 ## - CATALOGING SOURCE
Original cataloging agency BD-DhSAU
082 ## - DEWEY DECIMAL CLASSIFICATION NUMBER
Edition number 22
Classification number 634.99
Item number AGR
245 ## - TITLE STATEMENT
Title Agroforestry in 21st century /
Statement of responsibility, etc. edited by Sanjeev K Chauhan ... [et al].
260 ## - PUBLICATION, DISTRIBUTION, ETC. (IMPRINT)
Place of publication, distribution, etc. Udaipur :
Name of publisher, distributor, etc. Agrotech Pub. Academy,
Date of publication, distribution, etc. c2005.
300 ## - PHYSICAL DESCRIPTION
Extent 432 p. :
Other physical details ill. ;
Dimensions 24 cm.
500 ## - GENERAL NOTE
General note <br/>"Proceedings of the National Symposium on 'Agroforestry in 21st Century' organised by Dept. of Forestry and Natural Resources, Punjab Agricultural University, Ludhiana (February 11-14, 2003) with the financial assistance from Indian Council of Forestry & Research, Dehradun"--Title page verso.
504 ## - BIBLIOGRAPHY, ETC. NOTE
Bibliography, etc Includes index.
590 ## - Name of Cataloguer
Name of Cataloger Mukta
650 ## - SUBJECT ADDED ENTRY--TOPICAL TERM
Topical term or geographic name as entry element Agroforestry
Geographic subdivision India
-- Congresses.
650 ## - SUBJECT ADDED ENTRY--TOPICAL TERM
Topical term or geographic name as entry element Forest productivity
Geographic subdivision India
-- Congresses.
700 ## - ADDED ENTRY--PERSONAL NAME
Personal name Chauhan, Sanjeev K
700 ## - ADDED ENTRY--PERSONAL NAME
Personal name Gill, S. S.
700 ## - ADDED ENTRY--PERSONAL NAME
Personal name Sharma, S. C.
700 ## - ADDED ENTRY--PERSONAL NAME
Personal name Chauhan, Rajni
710 ## - ADDED ENTRY--CORPORATE NAME
Corporate name or jurisdiction name as entry element Punjab Agricultural University
Subordinate unit Department of Forestry & Natural Resources.
942 ## - ADDED ENTRY ELEMENTS (KOHA)
Source of classification or shelving scheme Dewey Decimal Classification
Koha item type Book
Holdings
Withdrawn status Lost status Source of classification or shelving scheme Damaged status Not for loan Collection code Home library Branch Name Shelving location Date acquired Total Checkouts Full call number Barcode Checked out Date last seen Date checked out Price effective from Koha item type
    Dewey Decimal Classification     Non-fiction SAU Library SAU Library General Stacks 20/08/2009 1 634.99 AGR 35566 11/01/2023 12/12/2022 12/12/2022 26/01/2015 Book
    Dewey Decimal Classification     Non-fiction SAU Library SAU Library General Stacks 20/08/2009   634.99 AGR 35565   26/01/2015   26/01/2015 Book
    Dewey Decimal Classification   Not For Loan Reference SAU Library SAU Library Reference 20/08/2009   634.99 AGR 35564   27/05/2015   27/05/2015 Book